[Event "Vitoria op 1st"]
[Site "Vitoria"]
[Date "2006.09.07"]
[Round "2"]
[White "Mekhitarian, Krikor Sevag"]
[Black "Da Silveira, Rogerio Zanon"]
[Result "1-0"]
[WhiteElo "2448"]
[BlackElo "2171"]
[PlyCount "71"]
[EventDate "2006.09.07"]
[EventType "swiss"]
[EventRounds "7"]
[EventCountry "BRA"]
[SourceTitle "CBM 114 Extra"]
[Source "ChessBase"]
[SourceDate "2006.11.03"]
[SourceVersion "1"]
[SourceVersionDate "2006.11.03"]
[SourceQuality "1"]

1. e4 e5 2. f4 d5 3. exd5 exf4 4. Nf3 Nf6 5. Bc4 Bd6 6. O-O O-O 7. d4 c6 8.
dxc6 Nxc6 9. c3 Bg4 10. Qe1 Rc8 11. Nbd2 Bf5 12. Qh4 Ng4 13. Qxd8 Rfxd8 14. Ng5
Rc7 15. Nde4 Bxe4 16. Nxe4 Ne3 17. Bxe3 fxe3 18. Rxf7 Rxf7 19. Ng5 Rdd7 20.
Nxf7 Rxf7 21. Rf1 Nd8 22. Rf3 Kf8 23. Bxf7 Nxf7 24. Rxe3 Nd8 25. g3 Kf7 26. Kg2
Nc6 27. Kf3 Ne7 28. Ke4 g6 29. c4 Nf5 30. Rf3 Ke7 31. c5 Bc7 32. Ra3 a6 33. Rb3
Kd7 34. Rxb7 Kc6 35. Ra7 a5 36. d5+ 1-0

[Event "Vitoria op 1st"]
[Site "Vitoria"]
[Date "2006.09.08"]
[Round "3"]
[White "Hernandez, Gustavo"]
[Black "Mekhitarian, Krikor Sevag"]
[Result "1/2-1/2"]
[WhiteElo "2329"]
[BlackElo "2448"]
[PlyCount "65"]
[EventDate "2006.09.07"]
[EventType "swiss"]
[EventRounds "7"]
[EventCountry "BRA"]
[SourceTitle "CBM 114 Extra"]
[Source "ChessBase"]
[SourceDate "2006.11.03"]
[SourceVersion "1"]
[SourceVersionDate "2006.11.03"]
[SourceQuality "1"]

1. Nf3 c5 2. c4 Nc6 3. d4 cxd4 4. Nxd4 Nf6 5. Nc3 e6 6. Bf4 d5 7. cxd5 Nxd5 8.
Nxc6 bxc6 9. Bd2 Rb8 10. e4 Nf6 11. Qc2 Qb6 12. Na4 Qd4 13. Bd3 Ng4 14. Bc3 Bb4
15. O-O Bxc3 16. Qxc3 Qxc3 17. bxc3 Ne5 18. Be2 Kd8 19. Rab1 Rxb1 20. Rxb1 Nd7
21. f3 Kc7 22. Rd1 g5 23. Kf2 h5 24. Ke3 h4 25. Bd3 Rh5 26. Nb2 Ne5 27. Be2 Ng6
28. Rd4 Nf4 29. Bf1 e5 30. Ra4 Kb8 31. Rb4+ Kc7 32. Ra4 Kb8 33. Rb4+ 1/2-1/2

[Event "Vitoria op 1st"]
[Site "Vitoria"]
[Date "2006.09.08"]
[Round "4"]
[White "Mekhitarian, Krikor Sevag"]
[Black "Molina, Roberto Junio Brito"]
[Result "1-0"]
[WhiteElo "2448"]
[BlackElo "2295"]
[PlyCount "63"]
[EventDate "2006.09.07"]
[EventType "swiss"]
[EventRounds "7"]
[EventCountry "BRA"]
[SourceTitle "CBM 114 Extra"]
[Source "ChessBase"]
[SourceDate "2006.11.03"]
[SourceVersion "1"]
[SourceVersionDate "2006.11.03"]
[SourceQuality "1"]

1. e4 c6 2. d4 d5 3. e5 Bf5 4. Nc3 e6 5. g4 Bg6 6. Nge2 Ne7 7. f4 h5 8. f5 exf5
9. g5 Na6 10. Nf4 Nc7 11. h4 Ne6 12. Nce2 Nc8 13. Bg2 Nb6 14. b3 Rc8 15. Be3
Be7 16. c3 Na8 17. c4 Nac7 18. O-O Qd7 19. Rc1 O-O 20. Qd2 Rfd8 21. Rfd1 b6 22.
Bf3 Nxf4 23. Nxf4 Ne6 24. Qg2 Nxf4 25. Bxf4 dxc4 26. bxc4 Qe8 27. Kh2 Bf8 28.
Rc2 Kh7 29. Rcd2 f6 30. gxf6 gxf6 31. Rg1 Bg7 32. Bxh5 1-0

[Event "Vitoria op 1st"]
[Site "Vitoria"]
[Date "2006.09.09"]
[Round "6"]
[White "Macedo, Maximo Iack Miranda"]
[Black "Mekhitarian, Krikor Sevag"]
[Result "0-1"]
[WhiteElo "2207"]
[BlackElo "2448"]
[PlyCount "108"]
[EventDate "2006.09.07"]
[EventType "swiss"]
[EventRounds "7"]
[EventCountry "BRA"]
[SourceTitle "CBM 114 Extra"]
[Source "ChessBase"]
[SourceDate "2006.11.03"]
[SourceVersion "1"]
[SourceVersionDate "2006.11.03"]
[SourceQuality "1"]

1. d4 c5 2. c3 Qa5 3. Nd2 cxd4 4. cxd4 Nf6 5. Ngf3 Nc6 6. e3 d5 7. Bd3 Bg4 8.
O-O e6 9. a3 Bd6 10. b4 Qc7 11. h3 Bf5 12. Bxf5 exf5 13. Qc2 g6 14. b5 Na5 15.
Qxc7 Bxc7 16. a4 Nd7 17. Ba3 Nb6 18. Rfc1 Kd7 19. Ng5 Nbc4 20. Nxc4 Nxc4 21.
Nxf7 Rhe8 22. Ng5 a6 23. Nxh7 Ke6 24. bxa6 Rxa6 25. Bb4 Rea8 26. Ng5+ Kf6 27.
Nf3 Rxa4 28. Rxa4 Rxa4 29. Be1 b5 30. Rb1 Na3 31. Rb3 Bd6 32. Ne5 b4 33. Nd7+
Ke6 34. Nc5+ Bxc5 35. dxc5 Nc2 36. Bd2 Ra1+ 37. Kh2 Ra3 38. Rxb4 Nxb4 39. Bxb4
Rb3 40. Ba5 f4 41. exf4 d4 42. c6 Rb5 43. Be1 Rb1 44. c7 Kd7 45. Ba5 Rb5 46.
Be1 Rb2 47. g4 Re2 48. Ba5 Ra2 49. Be1 Kxc7 50. Kg3 Kd6 51. Kf3 Kd5 52. h4 Ra3+
53. Ke2 Ke4 54. Bd2 Rh3 0-1

[Event "Vitoria op 1st"]
[Site "Vitoria"]
[Date "2006.09.10"]
[Round "7"]
[White "Mekhitarian, Krikor Sevag"]
[Black "Bittencourt, Jorge"]
[Result "1-0"]
[WhiteElo "2448"]
[BlackElo "2419"]
[PlyCount "71"]
[EventDate "2006.09.07"]
[EventType "swiss"]
[EventRounds "7"]
[EventCountry "BRA"]
[SourceTitle "CBM 114 Extra"]
[Source "ChessBase"]
[SourceDate "2006.11.03"]
[SourceVersion "1"]
[SourceVersionDate "2006.11.03"]
[SourceQuality "1"]

1. e4 c5 2. Nf3 d6 3. d4 cxd4 4. Nxd4 Nf6 5. Nc3 a6 6. Be3 e5 7. Nde2 Nbd7 8.
Ng3 Qc7 9. Nh5 h6 10. Qf3 b5 11. Bd3 Bb7 12. a3 Nxh5 13. Qxh5 Nf6 14. Qf3 Rc8
15. O-O-O Qd7 16. Nd5 Nxd5 17. exd5 g6 18. g4 Bg7 19. h4 Qe7 20. h5 g5 21. Kb1
O-O 22. Qe4 Rfe8 23. Rh3 Rb8 24. Rf3 Kf8 25. Bd2 Qc7 26. Bxg5 hxg5 27. h6 Bxh6
28. Qg6 Bg7 29. Rh1 Qe7 30. Be4 f6 31. Qxg5 Qf7 32. Bg6 Qe7 33. Qd2 e4 34. Rfh3
Qe5 35. Rh5 Qe7 36. Rh8+ 1-0

[Event "Sao Paulo Itau Cup 10th"]
[Site "Sao Paulo"]
[Date "2006.09.23"]
[Round "1"]
[White "Mekhitarian, Krikor Sevag"]
[Black "Nunes, Allan Hurba"]
[Result "1-0"]
[WhiteElo "2448"]
[BlackElo "1908"]
[PlyCount "147"]
[EventDate "2006.09.23"]
[EventType "swiss"]
[EventRounds "9"]
[EventCountry "BRA"]
[SourceTitle "CBM 114 Extra"]
[Source "ChessBase"]
[SourceDate "2006.11.03"]
[SourceVersion "1"]
[SourceVersionDate "2006.11.03"]
[SourceQuality "1"]

1. e4 e6 2. d4 d5 3. Nc3 Nf6 4. Bg5 Bb4 5. e5 h6 6. Bd2 Bxc3 7. bxc3 Ne4 8. Qg4
g6 9. Bd3 Nxd2 10. Kxd2 c5 11. h4 Nc6 12. h5 g5 13. f4 cxd4 14. cxd4 Nxd4 15.
fxg5 Qxg5+ 16. Qxg5 hxg5 17. g4 O-O 18. Rf1 Bd7 19. h6 Nc6 20. Rh5 Kh8 21. Rxg5
Rg8 22. Rxg8+ Kxg8 23. Nf3 Nb4 24. Ng5 Nxd3 25. cxd3 Be8 26. Nh3 Rc8 27. Nf4 b6
28. Nh5 Kh7 29. g5 Kg6 30. Nf6 Bb5 31. h7 Rh8 32. Ke3 a6 33. Rb1 Rxh7 34. Nxh7
Kxh7 35. d4 Bc4 36. Rxb6 Bxa2 37. Rxa6 Bb1 38. Kf4 Bg6 39. Ra2 Kg7 40. Rh2 Kf8
41. Rh6 Ke7 42. Rh8 Kd7 43. Ke3 Kc6 44. Kd2 Kb5 45. Rc8 Kb4 46. Rc7 Kb3 47.
Rb7+ Kc4 48. Ke3 Kc3 49. Rc7+ Kb2 50. Kd2 Kb3 51. Kc1 Ka3 52. Rb7 Ka2 53. Kd2
Ka3 54. Kc3 Ka4 55. Rb2 Ka5 56. Ra2+ Kb5 57. Kb3 Bb1 58. Rf2 Bg6 59. Rf1 Ka5
60. Rc1 Kb5 61. Rc5+ Kb6 62. Kb4 Bh5 63. Rc8 Bg6 64. Rd8 Bh5 65. Rd6+ Kc7 66.
Kc5 Bg6 67. Ra6 Bh5 68. Ra7+ Kd8 69. Kd6 Kc8 70. Ra8+ Kb7 71. Rf8 Kb6 72. Rb8+
Ka7 73. Rh8 Bg6 74. Rh6 1-0

[Event "Sao Paulo Itau Cup 10th"]
[Site "Sao Paulo"]
[Date "2006.09.29"]
[Round "8"]
[White "Matsuura, Everaldo"]
[Black "Mekhitarian, Krikor Sevag"]
[Result "1/2-1/2"]
[WhiteElo "2445"]
[BlackElo "2448"]
[PlyCount "98"]
[EventDate "2006.09.23"]
[EventType "swiss"]
[EventRounds "9"]
[EventCountry "BRA"]
[SourceTitle "CBM 114 Extra"]
[Source "ChessBase"]
[SourceDate "2006.11.03"]
[SourceVersion "1"]
[SourceVersionDate "2006.11.03"]
[SourceQuality "1"]

1. e4 c5 2. Nf3 d6 3. d4 cxd4 4. Nxd4 Nf6 5. f3 e5 6. Nb3 Be6 7. c4 a5 8. Be3
a4 9. N3d2 Qa5 10. Be2 Be7 11. Na3 O-O 12. O-O Bd8 13. c5 d5 14. exd5 Nxd5 15.
Bf2 Nf4 16. Nac4 Qb5 17. Re1 Nxe2+ 18. Qxe2 Nd7 19. Nd6 Qc6 20. Qb5 Qxb5 21.
Nxb5 Ba5 22. Red1 Bxd2 23. Rxd2 Ra5 24. Nc7 Nxc5 25. Rc1 b6 26. Nxe6 Nxe6 27.
Bxb6 Rb5 28. Be3 Rfb8 29. Rc4 Rb4 30. Rxb4 Rxb4 31. Rc2 g5 32. Bd2 Rb5 33. Rc8+
Kg7 34. Bc3 Nf4 35. Kf2 f6 36. g4 Nd5 37. Ra8 Nxc3 38. bxc3 Rb2+ 39. Ke3 Rxa2
40. Ke4 Rc2 41. Kf5 Rxc3 42. Ra7+ Kh6 43. Kxf6 Rxf3+ 44. Kxe5 a3 45. Ra6+ Kg7
46. Ra7+ Kg6 47. Ra6+ Kg7 48. Ra7+ Kg8 49. Ra8+ Kg7 1/2-1/2

[Event "Corporacion del Sur-B"]
[Site "Buenos Aires"]
[Date "2006.10.02"]
[Round "1"]
[White "Perdomo, Leandro Daniel"]
[Black "Mekhitarian, Krikor Sevag"]
[Result "1/2-1/2"]
[WhiteElo "2346"]
[BlackElo "2425"]
[PlyCount "53"]
[EventDate "2006.10.02"]
[EventType "tourn"]
[EventRounds "11"]
[EventCountry "ARG"]
[EventCategory "7"]
[SourceTitle "CBM 114 Extra"]
[Source "ChessBase"]
[SourceDate "2006.11.03"]
[SourceVersion "1"]
[SourceVersionDate "2006.11.03"]
[SourceQuality "1"]

1. d4 Nf6 2. c4 e6 3. Nc3 Bb4 4. e3 b6 5. Nge2 c5 6. a3 Ba5 7. Rb1 Na6 8. Nf4
Bb7 9. f3 O-O 10. Be2 d5 11. cxd5 g5 12. Nh3 Nxd5 13. Bd2 cxd4 14. exd4 g4 15.
Nf2 gxf3 16. Bxf3 Nxc3 17. bxc3 Bxf3 18. Qxf3 Qd5 19. Qd3 Qf5 20. Ne4 Qg6 21.
O-O f5 22. Ng5 Nc7 23. Rbe1 Rae8 24. Rf3 f4 25. Qxg6+ hxg6 26. Bxf4 Nd5 27. Bd2
1/2-1/2

[Event "Corporacion del Sur-B"]
[Site "Buenos Aires"]
[Date "2006.10.03"]
[Round "2"]
[White "Mekhitarian, Krikor Sevag"]
[Black "Lemos, Damian"]
[Result "0-1"]
[WhiteElo "2425"]
[BlackElo "2371"]
[PlyCount "106"]
[EventDate "2006.10.02"]
[EventType "tourn"]
[EventRounds "11"]
[EventCountry "ARG"]
[EventCategory "7"]
[SourceTitle "CBM 114 Extra"]
[Source "ChessBase"]
[SourceDate "2006.11.03"]
[SourceVersion "1"]
[SourceVersionDate "2006.11.03"]
[SourceQuality "1"]

1. e4 e6 2. Nc3 d5 3. d4 Bb4 4. e5 b6 5. a3 Bf8 6. f4 Ne7 7. Nf3 Ba6 8. Bxa6
Nxa6 9. Be3 Qd7 10. Bf2 h5 11. Qd3 Nb8 12. O-O Nbc6 13. h3 Nf5 14. g4 Nh6 15.
Nh2 O-O-O 16. Ne2 f6 17. Ng3 hxg4 18. hxg4 Nf7 19. Be3 Be7 20. Qg6 Rdf8 21. Nf3
Ncd8 22. Kg2 Rhg8 23. Rh1 Nh8 24. Qd3 Nhf7 25. Rh7 fxe5 26. fxe5 Nh6 27. Qg6
Ndf7 28. Rxg7 Rxg7 29. Qxg7 Rg8 30. Qh7 Rh8 31. Qg6 Rg8 32. Qh7 Rh8 33. Qd3
Nxg4 34. Rh1 Rxh1 35. Kxh1 Nxe3 36. Qxe3 Qb5 37. Qc1 Qe8 38. Kg2 Qg8 39. Qf4
Qg6 40. Ne1 Nh6 41. Kf3 Bg5 42. Qf8+ Kb7 43. Nd3 Bh4 44. Qf4 Bxg3 45. Qxg3 Qe4+
46. Kf2 Ng4+ 47. Kg1 Qxd4+ 48. Kf1 Ne3+ 49. Ke2 Nxc2 50. Kd2 Na1 51. Qg6 Nb3+
52. Kc2 Qc4+ 53. Kd1 Nd4 0-1

[Event "Corporacion del Sur-B"]
[Site "Buenos Aires"]
[Date "2006.10.04"]
[Round "3"]
[White "Alonso, Salvador"]
[Black "Mekhitarian, Krikor Sevag"]
[Result "0-1"]
[WhiteElo "2434"]
[BlackElo "2425"]
[PlyCount "136"]
[EventDate "2006.10.02"]
[EventType "tourn"]
[EventRounds "11"]
[EventCountry "ARG"]
[EventCategory "7"]
[SourceTitle "CBM 114 Extra"]
[Source "ChessBase"]
[SourceDate "2006.11.03"]
[SourceVersion "1"]
[SourceVersionDate "2006.11.03"]
[SourceQuality "1"]

1. e4 e6 2. d4 d5 3. Nc3 Bb4 4. e5 c5 5. Bd2 Nh6 6. Nce2 Bxd2+ 7. Qxd2 f6 8. f4
fxe5 9. dxe5 O-O 10. Nf3 Nf5 11. g3 d4 12. Bh3 Ne3 13. Qd3 Nc6 14. c3 Qd5 15.
Kf2 Qxf3+ 16. Kxf3 Nxe5+ 17. Ke4 Nxd3 18. Kxd3 e5 19. Bxc8 Raxc8 20. fxe5 Ng4
21. Kd2 Rf2 22. cxd4 cxd4 23. Raf1 Rg2 24. e6 Ne5 25. Rhg1 Rxh2 26. Rh1 Rg2 27.
Rhg1 Nc4+ 28. Ke1 Rxg1 29. Rxg1 d3 30. Nf4 d2+ 31. Ke2 Re8 32. b3 Ne5 33. Rf1
g5 34. Ng2 Rxe6 35. Kxd2 Kg7 36. Ne3 Rf6 37. Nf5+ Kg6 38. Ne7+ Kf7 39. Rxf6+
Kxf6 40. Nc8 Nc6 41. Nd6 b6 42. Ke3 Ke6 43. Ne4 Kf5 44. Nd6+ Kg4 45. Kf2 Nb4
46. Nc8 Nxa2 47. Nxa7 Nc3 48. Nc8 Ne4+ 49. Kg2 b5 50. Na7 Nd6 51. Nc6 Kf5 52.
Kf3 h5 53. b4 Ke6 54. Ke3 Kd5 55. Ne7+ Ke6 56. Nc6 Nf5+ 57. Kd3 Kd5 58. Na7 Nd6
59. Ke3 Kc4 60. Nc6 Nf5+ 61. Kf2 Nd4 62. Ne5+ Kxb4 63. Nf7 Ne6 64. Ke3 Kc3 65.
Nd6 b4 66. Ne4+ Kc2 67. Nd2 b3 68. Nc4 b2 0-1

[Event "Corporacion del Sur-B"]
[Site "Buenos Aires"]
[Date "2006.10.07"]
[Round "5"]
[White "Slipak, Sergio"]
[Black "Mekhitarian, Krikor Sevag"]
[Result "1/2-1/2"]
[WhiteElo "2445"]
[BlackElo "2425"]
[PlyCount "64"]
[EventDate "2006.10.02"]
[EventType "tourn"]
[EventRounds "11"]
[EventCountry "ARG"]
[EventCategory "7"]
[SourceTitle "CBM 114 Extra"]
[Source "ChessBase"]
[SourceDate "2006.11.03"]
[SourceVersion "1"]
[SourceVersionDate "2006.11.03"]
[SourceQuality "1"]

1. Nf3 c5 2. e3 g6 3. d4 Bg7 4. dxc5 Qa5+ 5. c3 Qxc5 6. b4 Qc7 7. Bb2 Nh6 8.
Qb3 O-O 9. c4 a5 10. Bxg7 Kxg7 11. Qb2+ f6 12. b5 b6 13. Nc3 Bb7 14. Be2 Ng4
15. Nd5 Qc5 16. Qd4 Bxd5 17. cxd5 Qb4+ 18. Nd2 Qxd4 19. exd4 f5 20. Nc4 Nf6 21.
Nxb6 Ra7 22. a4 d6 23. Kd2 Nbd7 24. Nxd7 Nxd7 25. Rhc1 Nb6 26. Bf3 g5 27. Rc6
Rb7 28. Bd1 Kf6 29. Bb3 g4 30. Rac1 Rbb8 31. Ke3 Kg5 32. Rc7 h6 1/2-1/2

[Event "Corporacion del Sur-B"]
[Site "Buenos Aires"]
[Date "2006.10.08"]
[Round "6"]
[White "Contin, Daniel"]
[Black "Mekhitarian, Krikor Sevag"]
[Result "0-1"]
[WhiteElo "2386"]
[BlackElo "2425"]
[PlyCount "74"]
[EventDate "2006.10.02"]
[EventType "tourn"]
[EventRounds "11"]
[EventCountry "ARG"]
[EventCategory "7"]
[SourceTitle "CBM 114 Extra"]
[Source "ChessBase"]
[SourceDate "2006.11.03"]
[SourceVersion "1"]
[SourceVersionDate "2006.11.03"]
[SourceQuality "1"]

1. c4 c5 2. Nf3 Nc6 3. Nc3 e5 4. g3 g6 5. Bg2 Bg7 6. O-O d6 7. d3 Nge7 8. a3
O-O 9. Rb1 a5 10. Bg5 f6 11. Bd2 Be6 12. Nd5 Nxd5 13. Ng5 Nc7 14. Nxe6 Nxe6 15.
Bd5 Qd7 16. b4 axb4 17. axb4 cxb4 18. Bxb4 Kh8 19. e3 f5 20. f4 exf4 21. gxf4
Nc5 22. d4 Ne4 23. Be1 Nf6 24. Bf3 Ng4 25. Bxg4 fxg4 26. d5 Na5 27. Rb5 Nxc4
28. Qb3 Qc8 29. Bc3 Ra3 30. Bxg7+ Kxg7 31. Rxb7+ Kg8 32. Qb4 g3 33. f5 Rxe3 34.
Rf4 Ne5 35. h4 Qc1+ 36. Rf1 Nf3+ 37. Kg2 Qc2+ 0-1

[Event "Corporacion del Sur-B"]
[Site "Buenos Aires"]
[Date "2006.10.09"]
[Round "7"]
[White "Mekhitarian, Krikor Sevag"]
[Black "Disconzi da Silva, Rodrigo"]
[Result "1-0"]
[WhiteElo "2425"]
[BlackElo "2392"]
[PlyCount "59"]
[EventDate "2006.10.02"]
[EventType "tourn"]
[EventRounds "11"]
[EventCountry "ARG"]
[EventCategory "7"]
[SourceTitle "CBM 114 Extra"]
[Source "ChessBase"]
[SourceDate "2006.11.03"]
[SourceVersion "1"]
[SourceVersionDate "2006.11.03"]
[SourceQuality "1"]

1. e4 c5 2. Nf3 e6 3. d4 cxd4 4. Nxd4 Nf6 5. Nc3 d6 6. g4 Nc6 7. g5 Nd7 8. Be3
Be7 9. h4 a6 10. Qh5 O-O 11. O-O-O Nxd4 12. Bxd4 b5 13. f4 b4 14. Bxg7 Kxg7 15.
e5 Rh8 16. Qh6+ Kg8 17. Ne4 Bf8 18. Qh5 Bg7 19. Nxd6 Qe7 20. Bg2 Rb8 21. Bc6
Nc5 22. Be8 Bd7 23. Bxf7+ Kf8 24. Rhf1 Bb5 25. f5 Bxf1 26. f6 Qc7 27. fxg7+ Ke7
28. Be8 Rbxe8 29. Qf7+ Kd8 30. Nxe8+ 1-0

[Event "Corporacion del Sur-B"]
[Site "Buenos Aires"]
[Date "2006.10.10"]
[Round "8"]
[White "Rodriguez Vila, Andres"]
[Black "Mekhitarian, Krikor Sevag"]
[Result "1-0"]
[WhiteElo "2496"]
[BlackElo "2425"]
[PlyCount "69"]
[EventDate "2006.10.02"]
[EventType "tourn"]
[EventRounds "11"]
[EventCountry "ARG"]
[EventCategory "7"]
[SourceTitle "CBM 114 Extra"]
[Source "ChessBase"]
[SourceDate "2006.11.03"]
[SourceVersion "1"]
[SourceVersionDate "2006.11.03"]
[SourceQuality "1"]

1. e4 c5 2. Nc3 a6 3. g3 b5 4. Bg2 Bb7 5. d3 e6 6. f4 d5 7. Qe2 d4 8. Nd1 Nc6
9. Nf3 Nf6 10. Nf2 Qc7 11. O-O Be7 12. Bd2 Nd7 13. e5 h6 14. c3 O-O-O 15. cxd4
cxd4 16. Rfc1 Kb8 17. Ne4 f5 18. exf6 gxf6 19. a4 b4 20. f5 exf5 21. Bf4 Nde5
22. Nxf6 Bxf6 23. Nxe5 Bxe5 24. Rxc6 Bxf4 25. Rxc7 Bxc7 26. Bxb7 Kxb7 27. Rc1
Rhe8 28. Qf3+ Kb8 29. Qc6 Re7 30. Qxa6 Rd6 31. Qb5+ Rb6 32. Qxf5 Ka7 33. Qc5
Bd6 34. Qa5+ Kb7 35. Qd5+ 1-0

[Event "Corporacion del Sur-B"]
[Site "Buenos Aires"]
[Date "2006.10.11"]
[Round "9"]
[White "Mekhitarian, Krikor Sevag"]
[Black "Zambrana, Oswaldo"]
[Result "0-1"]
[WhiteElo "2425"]
[BlackElo "2427"]
[PlyCount "86"]
[EventDate "2006.10.02"]
[EventType "tourn"]
[EventRounds "11"]
[EventCountry "ARG"]
[EventCategory "7"]
[SourceTitle "CBM 114 Extra"]
[Source "ChessBase"]
[SourceDate "2006.11.03"]
[SourceVersion "1"]
[SourceVersionDate "2006.11.03"]
[SourceQuality "1"]

1. e4 c5 2. Nf3 Nc6 3. d4 cxd4 4. Nxd4 Nf6 5. Nc3 e5 6. Ndb5 d6 7. Bg5 a6 8.
Na3 b5 9. Bxf6 gxf6 10. Nd5 f5 11. Bd3 Be6 12. O-O Bxd5 13. exd5 Ne7 14. Re1
Bg7 15. c3 O-O 16. Qh5 e4 17. Bf1 Re8 18. Rad1 Rc8 19. Re3 Rc5 20. Rh3 h6 21.
c4 bxc4 22. Nxc4 Rxd5 23. Rxd5 Nxd5 24. Qxf5 Ne7 25. Qf4 d5 26. Nd6 Rf8 27. Qg3
Qb8 28. Qa3 Qxb2 29. Qxa6 Rb8 30. Nb5 Rc8 31. Rb3 Qd2 32. Rg3 Rc2 33. Qa7 Rc1
34. Qd4 Rxf1+ 35. Kxf1 Qc1+ 36. Ke2 Qc2+ 37. Ke1 Qb1+ 38. Kd2 Qxa2+ 39. Kc1 Ng6
40. Qc5 Qb2+ 41. Kd1 d4 42. Nd6 d3 43. Re3 Bc3 0-1

[Event "Corporacion del Sur-B"]
[Site "Buenos Aires"]
[Date "2006.10.12"]
[Round "10"]
[White "Labollita, Martin"]
[Black "Mekhitarian, Krikor Sevag"]
[Result "0-1"]
[WhiteElo "2429"]
[BlackElo "2425"]
[PlyCount "85"]
[EventDate "2006.10.02"]
[EventType "tourn"]
[EventRounds "11"]
[EventCountry "ARG"]
[EventCategory "7"]
[SourceTitle "CBM 114 Extra"]
[Source "ChessBase"]
[SourceDate "2006.11.03"]
[SourceVersion "1"]
[SourceVersionDate "2006.11.03"]
[SourceQuality "1"]

1. d4 Nf6 2. c4 e6 3. Nc3 Bb4 4. Qc2 c5 5. dxc5 O-O 6. a3 Bxc5 7. Nf3 Be7 8. e4
d6 9. Bf4 Nh5 10. Be3 a6 11. Be2 Nf6 12. O-O Nbd7 13. Nd4 Qc7 14. f3 b6 15. b4
Bb7 16. Rfc1 Rac8 17. Bf1 Rfe8 18. Qf2 Qb8 19. Nb3 Bd8 20. a4 Bc7 21. g3 Ne5
22. Nd2 d5 23. Bxb6 dxe4 24. Bxc7 Qxc7 25. Ndxe4 Nxe4 26. Nxe4 a5 27. b5 f5 28.
Nd2 Red8 29. Bg2 Nd3 30. Qe3 f4 31. gxf4 e5 32. f5 Nf4 33. Bf1 Qd7 34. Nb3 Qxf5
35. Nxa5 Qg6+ 36. Kf2 Bxf3 37. Qxf3 Qb6+ 38. c5 Qxa5 39. Rd1 Qb4 40. c6 Qc5+
41. Qe3 Qc2+ 42. Ke1 Nd5 43. Qd2 0-1

[Event "Corporacion del Sur-B"]
[Site "Buenos Aires"]
[Date "2006.10.13"]
[Round "11"]
[White "Mekhitarian, Krikor Sevag"]
[Black "Quinteros, Miguel Angel"]
[Result "1/2-1/2"]
[WhiteElo "2425"]
[BlackElo "2488"]
[PlyCount "20"]
[EventDate "2006.10.02"]
[EventType "tourn"]
[EventRounds "11"]
[EventCountry "ARG"]
[EventCategory "7"]
[SourceTitle "CBM 114 Extra"]
[Source "ChessBase"]
[SourceDate "2006.11.03"]
[SourceVersion "1"]
[SourceVersionDate "2006.11.03"]
[SourceQuality "1"]

1. e4 e5 2. Nf3 Nc6 3. Bb5 a6 4. Ba4 Nf6 5. O-O b5 6. Bb3 Be7 7. Re1 O-O 8. c3
d6 9. h3 Re8 10. Ng5 Rf8 1/2-1/2

[Event "Sao Paulo FPX 65th"]
[Site "Sao Paulo"]
[Date "2006.10.17"]
[Round "2"]
[White "Crosa Coll, Martin"]
[Black "Mekhitarian, Krikor Sevag"]
[Result "1-0"]
[WhiteElo "2386"]
[BlackElo "2425"]
[PlyCount "35"]
[EventDate "2006.10.16"]
[EventType "tourn"]
[EventRounds "9"]
[EventCountry "BRA"]
[EventCategory "10"]
[SourceTitle "CBM 114 Extra"]
[Source "ChessBase"]
[SourceDate "2006.11.03"]
[SourceVersion "1"]
[SourceVersionDate "2006.11.03"]
[SourceQuality "1"]

1. e4 c5 2. Nf3 e6 3. c3 Nf6 4. e5 Nd5 5. d4 cxd4 6. cxd4 b6 7. a3 Ba6 8. Bxa6
Nxa6 9. O-O Nac7 10. Nbd2 f5 11. Nc4 Be7 12. Nd6+ Bxd6 13. exd6 Nb5 14. Bg5 Qb8
15. Ne5 g6 16. Qa4 a6 17. Rac1 Qxd6 18. Qxa6 1-0

[Event "Sao Paulo FPX 65th"]
[Site "Sao Paulo"]
[Date "2006.10.17"]
[Round "3"]
[White "Mekhitarian, Krikor Sevag"]
[Black "Giaccio, Alfredo Gustavo"]
[Result "1/2-1/2"]
[WhiteElo "2425"]
[BlackElo "2462"]
[PlyCount "58"]
[EventDate "2006.10.16"]
[EventType "tourn"]
[EventRounds "9"]
[EventCountry "BRA"]
[EventCategory "10"]
[SourceTitle "CBM 114 Extra"]
[Source "ChessBase"]
[SourceDate "2006.11.03"]
[SourceVersion "1"]
[SourceVersionDate "2006.11.03"]
[SourceQuality "1"]

1. e4 e6 2. d4 d5 3. Nc3 Bb4 4. e5 c5 5. a3 Bxc3+ 6. bxc3 Ne7 7. Qg4 O-O 8. Bd3
Nbc6 9. Qh5 Ng6 10. Nf3 Qc7 11. Be3 Nce7 12. O-O c4 13. Be2 f6 14. Rfe1 Bd7 15.
exf6 Rxf6 16. Ne5 Rf5 17. Qh3 Nxe5 18. dxe5 Ng6 19. Bg4 Rxe5 20. Bd4 Rxe1+ 21.
Rxe1 Re8 22. g3 b6 23. f4 Qd6 24. a4 Nf8 25. Ra1 Ng6 26. Re1 Re7 27. Kh1 Qa3
28. Qg2 Qd6 29. Qh3 Qa3 1/2-1/2

[Event "Sao Paulo FPX 65th"]
[Site "Sao Paulo"]
[Date "2006.10.18"]
[Round "4"]
[White "Matsuura, Everaldo"]
[Black "Mekhitarian, Krikor Sevag"]
[Result "1-0"]
[WhiteElo "2460"]
[BlackElo "2425"]
[PlyCount "107"]
[EventDate "2006.10.16"]
[EventType "tourn"]
[EventRounds "9"]
[EventCountry "BRA"]
[EventCategory "10"]
[SourceTitle "CBM 114 Extra"]
[Source "ChessBase"]
[SourceDate "2006.11.03"]
[SourceVersion "1"]
[SourceVersionDate "2006.11.03"]
[SourceQuality "1"]

1. e4 c5 2. Nf3 d6 3. d4 cxd4 4. Nxd4 Nf6 5. Nc3 a6 6. f4 e5 7. Nf3 Nbd7 8. a4
Be7 9. Bd3 O-O 10. O-O Nc5 11. Kh1 d5 12. Nxe5 Ncxe4 13. Nxe4 dxe4 14. Bc4 Qxd1
15. Rxd1 Ng4 16. Re1 Bh4 17. g3 Bf6 18. Bd5 Bxe5 19. fxe5 Rd8 20. c4 Nxe5 21.
Rxe4 Ng4 22. Bg5 Nf2+ 23. Kg2 Nxe4 24. Bxd8 Bf5 25. Bb6 Nf6 26. Bf3 Be4 27. Rd1
Bxf3+ 28. Kxf3 h5 29. h3 Re8 30. Be3 Re5 31. Rd8+ Kh7 32. Rb8 Rf5+ 33. Ke2 Ne4
34. g4 Ng3+ 35. Kd3 Rf3 36. Rxb7 Nf1 37. Re7 Rxh3 38. gxh5 f5 39. Kd4 Rh4+ 40.
Kd5 f4 41. Bd4 Rxh5+ 42. Kd6 Nd2 43. c5 Nb3 44. Bxg7 Kg6 45. c6 f3 46. c7 Rc5
47. Bc3 a5 48. Rg7+ Kf5 49. Rg8 Ke4 50. c8=Q f2 51. Qe6+ Kd3 52. Rg3+ Kc2 53.
Qe2+ Kb1 54. Qxf2 1-0

[Event "Sao Paulo FPX 65th"]
[Site "Sao Paulo"]
[Date "2006.10.19"]
[Round "6"]
[White "Vescovi, Giovanni P"]
[Black "Mekhitarian, Krikor Sevag"]
[Result "0-1"]
[WhiteElo "2592"]
[BlackElo "2425"]
[PlyCount "60"]
[EventDate "2006.10.16"]
[EventType "tourn"]
[EventRounds "9"]
[EventCountry "BRA"]
[EventCategory "10"]
[SourceTitle "CBM 114 Extra"]
[Source "ChessBase"]
[SourceDate "2006.11.03"]
[SourceVersion "1"]
[SourceVersionDate "2006.11.03"]
[SourceQuality "1"]

1. d4 d5 2. c4 e5 3. dxe5 d4 4. Nf3 Nc6 5. Bg5 Be7 6. h4 Bg4 7. Nbd2 h6 8. Bf4
Qd7 9. g3 a5 10. Qa4 Ra6 11. O-O-O Bb4 12. Nb3 Nge7 13. Nbxd4 O-O 14. a3 Qc8
15. Bg2 Bd7 16. Qc2 Bc5 17. e3 a4 18. Nxc6 Nxc6 19. Nd4 Na5 20. Be4 c6 21. g4
b5 22. g5 h5 23. cxb5 cxb5 24. Bd5 Bxd4 25. exd4 Nb3+ 26. Kb1 Qxc2+ 27. Kxc2
Bf5+ 28. Kc3 b4+ 29. Kxb4 Rb6+ 30. Kxa4 Bd7+ 0-1